00995nam a2200241Ia 4500003000900000008004100009020001800050040001600068080002000084111008300104245019200187260003900379300002300418650003500441650003400476650004100510650002600551700002800577700003000605942000700635999001500642952009600657IN-BaIIA211028s9999 xx 000 0 eng d a0-902553-26-7 cIIA Library a520.4(063)bAST aWorkshop on Astronomical Measuring MachinescEdinburghd1982 Sep. 28-30913861 0aAstronomical measuring Machinesbproceedings of the Workshop on Astronomical measuring machines, held in Edinburgh, Scotland, 28-30 Sept.ember 1982cedited by B. McInnes and R. S. Stobie aEdinburghbRoyal Observatoryc1983 a[various pagings.] aAstronomical instruments94304 aAstronomical techniques91786 aAstronomy and Astrophysics thesaurus aInstrumentation98032 aMcInnes, B., ed.913862 aStobie, R. S., ed.913863 cBK c8263d8263 00104070aBANbBANcGENd1985-05-06l0o520.4(063)/ ASTp9107r2021-11-05w1985-05-06yBK